| 000 | 00344nam a22001217a 4500 | ||
|---|---|---|---|
| 003 | SISC | ||
| 005 | 20170717104737.0 | ||
| 008 | 170714b xxu||||| |||| 00| 0 eng d | ||
| 050 |
_aTo be _bannounced |
||
| 100 | _aSantiago, Martha Molly. | ||
| 245 |
_aThe Little Prince by s.Antoine de Saint-Exupéry / _cMartha Molly Santiago. |
||
| 942 |
_2lcc _cHL |
||
| 999 |
_c340697 _d340697 |
||